Dasa avatāroṃ kī kalpanā kaise? / (Record no. 64999)

MARC details
000 -LEADER
fixed length control field 00724cam a22002294a 4500
001 - CONTROL NUMBER
control field sa 65007013
003 - CONTROL NUMBER IDENTIFIER
control field DLC
005 - DATE AND TIME OF LATEST TRANSACTION
control field 20260227112146.0
008 - FIXED-LENGTH DATA ELEMENTS--GENERAL INFORMATION
fixed length control field 890510s1962 ii 000 0 hino
010 ## - LIBRARY OF CONGRESS CONTROL NUMBER
LC control number sa 65007013
035 ## - SYSTEM CONTROL NUMBER
System control number (OCoLC)23578508
040 ## - CATALOGING SOURCE
Original cataloging agency DLC
Transcribing agency DLC
050 00 - LIBRARY OF CONGRESS CALL NUMBER
Classification number BL1219
Item number .H3 1962
100 0# - MAIN ENTRY--PERSONAL NAME
Personal name Haṃsarāja,
Dates associated with a name 1864-1938.
245 10 - TITLE STATEMENT
Title Dasa avatāroṃ kī kalpanā kaise? /
Statement of responsibility, etc. saṅkalayitā, Haṃsarāja ; sampādika, Rānagopāla Śāstrī.
260 ## - PUBLICATION, DISTRIBUTION, ETC.
Place of publication, distribution, etc. Amr̥tasara :
Name of publisher, distributor, etc. Rāmalāla Kapūra eṇḍa Saṃsa,
Date of publication, distribution, etc. 1962.
300 ## - PHYSICAL DESCRIPTION
Extent 32 p. ;
Dimensions 24 cm.
546 ## - LANGUAGE NOTE
Language note In Hindi.
500 ## - GENERAL NOTE
General note Cover title.
650 #0 - SUBJECT ADDED ENTRY--TOPICAL TERM
Topical term or geographic name entry element Vishnu (Hindu deity)
General subdivision Incarnations.
700 1# - ADDED ENTRY--PERSONAL NAME
Personal name Śāstrī, Rāmagopāla,
Dates associated with a name 1890-

No items available.

Powered by Koha